Las Ciencias sociales y la Revolución Popular Sandinista /
Guardat en:
| Autor principal: | |
|---|---|
| Format: | Text |
| Matèries: | |
| Etiquetes: |
Afegir etiqueta
Sense etiquetes, Sigues el primer a etiquetar aquest registre!
|
MARC
| LEADER | 00000 a a2200000 04500 | ||
|---|---|---|---|
| 001 | 16633 | ||
| 003 | |||
| 040 | |||
| 100 | |a Cabezas, Omar | ||
| 245 | |a Las Ciencias sociales y la Revolución Popular Sandinista / |c Omar Cabezas | ||
| 650 | |a REVOLUCION POPULAR SANDINISTA, NI | ||
| 650 | |a CIENCIAS SOCIALES | ||
| 650 | |a MOVIMIENTOS DE LIBERACION NACIONAL | ||
| 650 | |a IDEOLOGIAS | ||
| 650 | |a FRENTE SANDINISTA DE LIBERACION NACIONAL, NI | ||
| 650 | |a TEORIA SOCIAL | ||
| 773 | |g número 2; páginas 71-77 | ||
| 999 | |c 32517 |d 32517 | ||
